000 00818nab a2200253 u 4500
001 16814
003 HDC
007 cr bn ---aaaaa
008 210222c |r|noo 0 a d
040 _aHDC
100 _aDebbie, Too,
_eauthor
_916502
245 0 _aBrunei risks losing halal market edge /
_cby Debbie Too
260 _aBrunei :
_bBrunei Times PLC,
_c2008
336 _atext
_2rdacontent
337 _acomputer
_2rdamedia
338 _aonline resource
_2rdacarrier
650 _aHalal industry
_9144
650 _aHalal market
_9582
710 _aThe Brunei Times
856 _zRequest full-text at [email protected]
942 _2lcc
942 _cNEWS
942 _kNWSO 009224
999 _c14130
_d14130